Sołectwa gminy Łomazy - nagła śmierć - Statystyki

Ogólne statystyki
  • Ten quiz został rozwiązany 3 razy
  • Średni wynik to 3 z 17
Answers on the Grid
Answers color-coded by a green-red scale on the quiz's grid according to % correct below.
Bielany
Burwin
Dubów
Huszcza
Jusaki-Zarzeka
Kopytnik
Korczówka
Koszoły
Krasówka
Kozły
Lubenka
Łomazy
Stasiówka
Studzianka
Szymanowo
Wola Dubowska
Wólka Korczowska
Komarówka Podlaska
Żulinki
Suchowola
Bezwola
Sosnówka
Tuczna
Kodeń
Drelów
Janów Podlaski
Chotyłów
Małaszewicze
Bohukały
Neple
 
Statystyki odpowiedzi
Odpowiedź % Poprawnych
Krasówka
67%
Dubów
33%
Huszcza
33%
Kopytnik
33%
Koszoły
33%
Kozły
33%
Łomazy
33%
Stasiówka
33%
Bielany
0%
Burwin
0%
Jusaki-Zarzeka
0%
Korczówka
0%
Lubenka
0%
Studzianka
0%
Szymanowo
0%
Wola Dubowska
0%
Wólka Korczowska
0%
Nie znaleziono quizów pasujących do podanych kryteriów
Rozkład punktacji
Procent ludzi z każdym wynikiem
Percentyl według liczby udzielonych odpowiedzi
Twoja historia wyników
Nie rozwiązałeś tego quizu